| 000 | 00424nam a22001577a 4500 | ||
|---|---|---|---|
| 003 | CEME | ||
| 005 | 20210628203656.0 | ||
| 008 | 210317b xxu||||| |||| 00| 0 eng d | ||
| 040 | _c. | ||
| 082 | _a620.5 | ||
| 100 |
_aBull _966797 |
||
| 245 | _aFinite element application and thin walled structure | ||
| 260 |
_bELSEVIER _c1990 |
||
| 650 |
_aFINITE ELEMENT APPLICATION AND THIN WALLED STRUCTURE _966798 |
||
| 942 |
_cBK _2ddc |
||
| 999 |
_c574697 _d574697 |
||